Представление документа в формате MARC21

Поле Инд. ПП Название Значение
Тип записи a
Библиографический уровень b
001 Контрольный номер RU/IS/BASE/212503014
005 Дата корректировки 20200529173532.8
008 Кодируемые данные 20060925
040 b Код языка каталог. rus
e Правила каталог. PSBO
041 0_ a Код языка текста rus
084 a Индекс другой классификации/Индекс ББК 60.561.23; 65.291.6-21
100 1_ a Автор Старков А. М.
q Полное имя Старков Анатолий Михайлович
245 10 a Заглавие Проблемы процесса воздействия социальных факторов на повышение эффективности экономики предприятия
650 a Основная рубрика менеджмент (управление предприятием)
a Основная рубрика персонал предприятия
a Основная рубрика социология
a Основная рубрика социология труда
a Основная рубрика управление персоналом (кадровый менеджмент)
a Основная рубрика экономика
a Основная рубрика экономика предприятия
a Основная рубрика экономическая социология
653 a Ключевые слова заработная плата
a Ключевые слова моральное стимулирование
a Ключевые слова оплата труда
a Ключевые слова отношение к труду
a Ключевые слова повышение заработной платы
a Ключевые слова промышленные предприятия
a Ключевые слова Россия
a Ключевые слова социально-психологический климат
a Ключевые слова труд
773 0_ t Заглавие источника Вестник Московского университета. Серия 18, Социология и политология
d Дата издания источника 2006
g Прочая информация № 3. - С. 88 - 105 : табл., граф.
w Контрольный № источника RU/IS/BASE/211298150
901 t Тип документа b